000 00959nam a2200301 4500
999 _c3715
_d3715
001 3715
003 BD-JhCC
005 20211113134021.0
008 130123s2012 bg a b 001 0 eng d
020 _a9789849003946
020 _a9849003944
035 _a(BD-JhCC)3715
040 _aDLC
_erda
_cDLC
_dMNU
_dOCLCF
_dOCL
_dUkOxU
_dBD-JhCC
041 _aeng
050 0 0 _aDS395.5
_b.R5835 2012
082 _a320.95492
_bRIA 2012
100 1 _aRiaz, Ali
245 1 0 _aInconvenient truths about Bangladeshi politics /
_cAli Riaz.
246 3 0 _aTruths about Bangladeshi politics
246 3 _aInconvenient truths about Bangladesh politics
260 _aDhaka :
_bProthoma Prokashan,
_c 2012.
300 _axix, 255 pages. :
_billustrations ;
_c22 cm.
504 _aIncludes bibliographical references and index.
650 _aPolitics and government.
651 0 _aBangladesh
_xPolitics and government
_y1971-
942 _2ddc
_cBK
_01